[Event "Bogota Cesap op"]
[Site "Bogota"]
[Date "2011.09.13"]
[Round "2.7"]
[White "Guzman, Pedro Juan"]
[Black "Bermudez, Jackson"]
[Result "1-0"]
[WhiteElo "1998"]
[BlackElo "1600"]
[PlyCount "51"]
[EventDate "2011.09.12"]
[EventType "swiss"]
[EventRounds "5"]
[EventCountry "COL"]
[SourceTitle "EXT 2024"]
[Source "ChessBase"]
[SourceDate "2023.10.10"]
[SourceVersion "1"]
[SourceVersionDate "2023.10.10"]
[SourceQuality "1"]

1. e4 e5 2. Nf3 d6 3. d4 exd4 4. Nxd4 Nf6 5. Nc3 c5 6. Bb5+ Bd7 7. Bxd7+ Nbxd7 8. Nf5 g6 9. Nxd6+ Bxd6 10. Qxd6 Rc8 11. Bg5 h6 12. Bxf6 Qxf6 13. 0-0-0 Qxd6 14. Rxd6 Nb6 15. Rhd1 0-0 16. Nd5 Nc4 17. Ne7+ Kg7 18. Nxc8 Rxc8 19. Rd7 Re8 20. f3 Rb8 21. Rc7 Ne3 22. Rdd7 Rf8 23. e5 h5 24. e6 Nxg2 25. Rxf7+ Rxf7 26. Rxf7+ 1-0